000 00875nam a22003370a 4500
001 PT33004
003 AR-LpoUNG
005 20250813155427.0
008 191001s1959||||ag |||||||||||||||||spa d
040 _aAR-LpoUNG
_bspa
_cAR-LpoUNG
_eaacr
041 _aspa
044 _aag
082 0 _a982.03 454his
100 1 _aAlonso Piñeiro, Armando
245 1 0 _aHistoria del General Viamonte y su época
250 _a1ra. ed.
260 _aBuenos Aires :
_bMundonuevo,
_c1959.
650 4 _aANALISIS HISTORICO
650 4 _aARGENTINA
650 4 _aBIOGRAFIAS
650 4 _aDOCUMENTOS PRIMARIOS
650 4 _aGUERRA CIVIL
650 4 _aIDEOLOGIAS POLITICAS
650 4 _aMILITARISMO
650 4 _aPOLITICA GUBERNAMENTAL
650 4 _aPOLITICA
653 _aCARTAS
700 1 _aSánchez Viamonte, Carlos
_epról.
905 _a33004
942 _cLIB
_2ddc
999 _c1163
_d1163